000 00302nam a2200121 a 4500
008 970609s1987||||xx 0 und c
040 _aSNK
_bslo
_cSNK
_eAACR2
245 1 0 _aMonumentrum tutela ochrana pamiatok 12
260 _aBratislava
_bObzor
_c1987
020 _c45
044 _axo
_cSK
041 _aslo
999 _c14892
_d14892